Portfolio: Execution, evaluation and attribution, and global investment performance standards (Record no. 1102)

000 -LEADER
fixed length control field 00602nam a22002177a 4500
005 - DATE AND TIME OF LATEST TRANSACTION
control field 20210426124443.0
008 - FIXED-LENGTH DATA ELEMENTS--GENERAL INFORMATION
fixed length control field 210201b2012 eng||||| |||| 00| 0 eng d
020 ## - INTERNATIONAL STANDARD BOOK NUMBER
International Standard Book Number 9780558925277
020 ## - INTERNATIONAL STANDARD BOOK NUMBER
International Standard Book Number 0558925278
040 ## - CATALOGING SOURCE
Transcribing agency DLC
041 ## - LANGUAGE CODE
Language code of text/sound track or separate title eng
080 ## - UNIVERSAL DECIMAL CLASSIFICATION NUMBER
Universal Decimal Classification number 33
Item number P-85
100 ## - MAIN ENTRY--PERSONAL NAME
9 (RLIN) 752
Personal name CFA program curriculum
245 ## - TITLE STATEMENT
Title Portfolio: Execution, evaluation and attribution, and global investment performance standards
250 ## - EDITION STATEMENT
Edition statement vplume 6, level 3
260 ## - PUBLICATION, DISTRIBUTION, ETC.
Name of publisher, distributor, etc. pearson
Date of publication, distribution, etc. 2012
300 ## - PHYSICAL DESCRIPTION
Extent 384 p. :
650 #0 - SUBJECT ADDED ENTRY--TOPICAL TERM
9 (RLIN) 446
Topical term or geographic name entry element Economics
653 ## - INDEX TERM--UNCONTROLLED
Uncontrolled term ეკონნომიკა
942 ## - ADDED ENTRY ELEMENTS (KOHA)
Source of classification or shelving scheme
Koha item type Books
Holdings
Withdrawn status Lost status Source of classification or shelving scheme Damaged status Not for loan Permanent location Current location Date acquired Inventory number Total Checkouts Full call number Barcode Date last seen Price effective from Koha item type
          Ken Walker International University Ken Walker International University 02/01/2021 872   33 P-85 872 02/01/2021 02/01/2021 Books

Powered by Koha